| 000 | 00567nam a2200169Ia 4500 | ||
|---|---|---|---|
| 008 | 230925s9999||||xx |||||||||||||| ||und|| | ||
| 082 | _a621.31 ABD | ||
| 100 |
_aAbd Ur Rehman (317944) _9118272 |
||
| 245 | 3 | _aAn Intelligent Energy Management System with an Interactive Local Power Market for a Grid-tied Community of Heterogenous Houses / | |
| 260 |
_bUSPCAS-E, NUST,Islamabad : _c2023 |
||
| 300 | _axi, 51 p. | ||
| 520 | _aTH-492 | ||
| 650 |
_vMS Thesis _918721 |
||
| 650 | _vMS-EEP Thesis | ||
| 700 |
_aDr. Hassan Abdullah Khalid _928912 |
||
| 942 |
_cTHE _2ddc |
||
| 999 |
_c603239 _d603239 |
||